000 00588nam a2200217Ia 4500
003 OSt
005 20220928140219.0
006 a|||||r|||| 00| 0
007 ta
008 220927b |||||||| |||| 00| 0 eng d
024 _a7686
037 _cTextual
040 _aSDCL
_cSDCL
_beng
041 _2eng
_aeng
082 _aX:75.1(X)'N8, M1
100 _aStreeten Paul
245 0 _aFirst things first
_b Meeting basic human needs in the developing countries
260 _c1981
942 _hX:75.1(X)'N8, M1
_cTEXL
_2CC
999 _c810726
_d810726